书目信息 |
| 题名: |
进城走了十八年
|
|
| 作者: | 十年砍柴 著 | |
| 分册: | ||
| 出版信息: | 太原 山西人民出版社 2011.07 |
|
| 页数: | 281页 | |
| 开本: | 23cm | |
| 丛书名: | ||
| 单 册: | ||
| 中图分类: | I267 | |
| 科图分类: | ||
| 主题词: | 散文集 , 散文集--中国--当代 | |
| 电子资源: | ||
| ISBN: | 978-7-203-07372-7 | |
| 000 | 00803nam0 2200265 450 | |
| 001 | 1240198147 | |
| 005 | 20120109111022.70 | |
| 010 | @a978-7-203-07372-7@dCNY32.00 | |
| 049 | @aA210000LPL@bUCS01004926102@c012004556272 | |
| 090 | @aI267@bsnk | |
| 096 | @aI267@bsnk | |
| 100 | @a20110921d2011 em y0chiy50 ea | |
| 101 | 0 | @achi |
| 102 | @aCN@b140000 | |
| 105 | @ay z 000cy | |
| 200 | 1 | @a进城走了十八年@9jin cheng zou le shi ba nian@b专著@e一个70后的乡村记忆@f十年砍柴著 |
| 210 | @a太原@c山西人民出版社@d2011.07 | |
| 215 | @a281页@d23cm | |
| 517 | 1 | @a一个70后的乡村记忆@9yi ge 70 hou de xiang cun ji yi |
| 606 | 0 | @a散文集 |
| 606 | 0 | @a散文集@y中国@z当代 |
| 690 | @aI267@v4 | |
| 701 | 0 | @a十年砍柴@9shi nian kan chai@4著 |
| 801 | 0 | @aCN@b110017@c20110817 |
| 905 | @aZUCC@dI267@eS512 | |
| 进城走了十八年:一个70后的乡村记忆/十年砍柴著.-太原:山西人民出版社,2011.07 |
| 281页;23cm |
| ISBN 978-7-203-07372-7:CNY32.00 |
| ● |
| 相关链接 |
|
|
|
正题名:进城走了十八年
索取号:I267/S512
 
预约/预借
| 序号 | 登录号 | 条形码 | 馆藏地/架位号 | 状态 | 备注 |
| 1 | 482197 | 204821979 | 文学库116/116文学库 6排3列4层/ [索取号:I267/S512] | 在馆 | |
| 2 | 482198 | 204821988 | 文学库116/116文学库 6排3列4层/ [索取号:I267/S512] | 在馆 | |
| 3 | 482199 | 204821997 | 社科二线422/422社科库 46排3列1层/ [索取号:I267/S512] | 在馆 |